[Event "Madrid San Viator op-B 25th"]
[Site "Madrid"]
[Date "2015.10.12"]
[Round "3"]
[White "Guillo Sanchez Galiano, Ernesto"]
[Black "Estirado de Cabo, Cesar"]
[Result "1/2-1/2"]
[WhiteElo "1201"]
[BlackElo "1435"]
[PlyCount "44"]
[EventDate "2015.10.04"]
[EventType "swiss"]
[EventRounds "9"]
[EventCountry "ESP"]
[SourceTitle "EXT 2019"]
[Source "ChessBase"]
[SourceDate "2018.10.10"]
[SourceVersion "1"]
[SourceVersionDate "2018.10.10"]
[SourceQuality "1"]

1. d4 d5 2. Nf3 Nf6 3. Bf4 e6 4. e3 c5 5. c4 Nc6 6. Nc3 a6 7. a3 cxd4 8. exd4 Be7 9. cxd5 Nxd5 10. Nxd5 Qxd5 11. Be2 0-0 12. 0-0 Bf6 13. Be5 Nxe5 14. dxe5 Be7 15. Qxd5 exd5 16. Rfd1 Be6 17. Rac1 Rac8 18. Nd4 Bc5 19. Nb3 Bb6 20. Rxc8 Rxc8 21. Bf3 Rd8 22. Rc1 Rc8 1/2-1/2

[Event "Madrid San Viator op-B 25th"]
[Site "Madrid"]
[Date "2015.10.11"]
[Round "2"]
[White "Estirado de Cabo, Cesar"]
[Black "Tudela Garcia, Antonio"]
[Result "0-1"]
[WhiteElo "1435"]
[BlackElo "1632"]
[PlyCount "105"]
[EventDate "2015.10.04"]
[EventType "swiss"]
[EventRounds "9"]
[EventCountry "ESP"]
[SourceTitle "EXT 2019"]
[Source "ChessBase"]
[SourceDate "2018.10.10"]
[SourceVersion "1"]
[SourceVersionDate "2018.10.10"]
[SourceQuality "1"]

1. d4 d5 2. c4 e6 3. Nc3 Nf6 4. Bg5 Nbd7 5. e3 c6 6. a3 Be7 7. Nf3 0-0 8. Rc1 Re8 9. Bd3 dxc4 10. Bxc4 Nd5 11. 0-0 Bxg5 12. Ne4 Be7 13. Qd3 h6 14. Ba2 N7f6 15. Bb1 Bf8 16. Nxf6+ Nxf6 17. e4 g6 18. e5 Nd5 19. g3 Ne7 20. h4 h5 21. Kh2 Bh6 22. Rce1 Nf5 23. Rg1 Bg7 24. Kh3 Nh6 25. Nh2 Nf5 26. Nf3 Kf8 27. g4 hxg4+ 28. Rxg4 c5 29. dxc5 Qxd3 30. Bxd3 Bd7 31. b4 Bc6 32. Ng5 Rad8 33. Bf1 Rd4 34. Rxd4 Nxd4 35. f4 Ke7 36. Rc1 a6 37. Bd3 Bh6 38. Rg1 Bxg5 39. Rxg5 Nf3 40. Rg3 Rd8 41. Be2 Nd4 42. Bg4 Be4 43. Rg1 Bf5 44. Bxf5 Nxf5 45. Kg4 Rd3 46. a4 Nd4 47. Re1 Nc2 48. Re4 Rd4 49. Rxd4 Nxd4 50. Kg3 Nc2 51. b5 axb5 52. axb5 Nd4 53. b6 0-1

[Event "Madrid San Viator op 21st"]
[Site "Madrid"]
[Date "2013.11.03"]
[Round "7"]
[White "Del Noval Perez, Jeronimo"]
[Black "Estirado de Cabo, Cesar"]
[Result "0-1"]
[WhiteElo "1428"]
[BlackElo "1511"]
[PlyCount "68"]
[EventDate "2013.09.29"]
[EventType "swiss"]
[EventRounds "9"]
[EventCountry "ESP"]
[SourceTitle "EXT 2015"]
[Source "ChessBase"]
[SourceDate "2014.11.20"]
[SourceVersion "1"]
[SourceVersionDate "2014.11.20"]
[SourceQuality "1"]

1. e4 c6 2. d4 d5 3. Nc3 dxe4 4. Nxe4 Bf5 5. Ng3 Bg6 6. h4 h6 7. Nf3 Nd7 8. h5 Bh7 9. Bd3 Bxd3 10. Qxd3 Qc7 11. Bd2 e6 12. Ne4 0-0-0 13. 0-0-0 Ngf6 14. g3 Nxe4 15. Qxe4 Bd6 16. Kb1 Rde8 17. Qg4 Rhg8 18. Rhe1 Nf6 19. Qh3 g6 20. hxg6 Rxg6 21. Nh4 Rgg8 22. Bxh6 Ng4 23. Be3 Nxe3 24. Rxe3 Kb8 25. c4 c5 26. d5 exd5 27. Rxe8+ Rxe8 28. cxd5 Qb6 29. f4 Re2 30. b3 c4 31. Rc1 Ba3 32. Qf1 Rb2+ 33. Ka1 Qd4 34. Rd1 Rd2+ 0-1

[Event "Madrid San Viator op 21st"]
[Site "Madrid"]
[Date "2013.10.06"]
[Round "2"]
[White "Estirado de Cabo, Cesar"]
[Black "Herreros Lucas, Jose Luis"]
[Result "0-1"]
[WhiteElo "1511"]
[BlackElo "1501"]
[PlyCount "80"]
[EventDate "2013.09.29"]
[EventType "swiss"]
[EventRounds "9"]
[EventCountry "ESP"]
[SourceTitle "EXT 2015"]
[Source "ChessBase"]
[SourceDate "2014.11.20"]
[SourceVersion "1"]
[SourceVersionDate "2014.11.20"]
[SourceQuality "1"]

1. d4 d5 2. c4 e6 3. Nc3 Nf6 4. Bg5 Nbd7 5. e3 h6 6. Bh4 c6 7. a3 Qb6 8. Qc2 Be7 9. Nf3 0-0 10. Bd3 Re8 11. 0-0 dxc4 12. Bxc4 Nd5 13. Bxe7 Rxe7 14. Rad1 N7f6 15. Ba2 Bd7 16. Bb1 Nxc3 17. Qxc3 Rc8 18. Rc1 Be8 19. Rce1 Rec7 20. b4 Ra8 21. e4 a5 22. e5 Nd5 23. Qd3 g6 24. Qd2 axb4 25. axb4 Qxb4 26. Qxh6 Qf8 27. Qh3 Ra3 28. Re4 Qg7 29. Qh4 b5 30. Ng5 Rc3 31. Rfe1 c5 32. h3 cxd4 33. Rxd4 Rc1 34. Red1 Rxd1+ 35. Rxd1 Qxe5 36. Qh7+ Kf8 37. Qh6+ Qg7 38. Qh4 Rc4 39. Qg3 Nc3 40. Rd8 Ne2+ 0-1